| 000 | 01442nam a2200397 i 4500 | ||
|---|---|---|---|
| 001 | 15506 | ||
| 003 | KOSZ 005 | ||
| 005 | 20200630111110.0 | ||
| 008 | 200418s1973 pl a f f 001 0 pol | ||
| 015 | _aPB 1973/4028 | ||
| 035 | _a(OCoLC)749366918 | ||
| 040 |
_aWA N _cWA N _dKOSZ 005/EC _dKOSZ 005/RW |
||
| 046 | _k1973 | ||
| 080 | _a544 | ||
| 080 | _a(075.8) | ||
| 100 | 1 |
_aTomassi, Witold _d(1912-1997) _eAutor |
|
| 245 | 1 | 0 |
_aChemia fizyczna / _cWitold Tomassi, Helena Jankowska. |
| 260 |
_aWarszawa : _bWydawnictwa Naukowo-Techniczne, _c1973. |
||
| 300 |
_a514, [2] stron : _bilustracje ; _c25 cm. |
||
| 336 |
_aTekst _btxt _2rdacontent |
||
| 337 |
_aBez urządzenia pośredniczącego _bn _2rdamedia |
||
| 338 |
_aWolumin _bnc _2rdacarrier |
||
| 380 | _aKsiążki | ||
| 380 | _aPublikacje dydaktyczne | ||
| 388 | _a1901-2000 | ||
| 388 | _a1945-1989 | ||
| 504 | _aBibliografia na stronie [504]. Indeks. | ||
| 521 | 8 | _aKsiążka jest podręcznikiem akademickim przeznaczonym przede wszystkim dla studentów wydziałów chemii wyższych uczelni technicznych. | |
| 650 | 7 | _aChemia fizyczna | |
| 655 | 7 | _aPodręczniki akademickie | |
| 658 | _aChemia | ||
| 700 | 1 |
_aJankowska, Helena _d(1931-1999) _eAutor |
|
| 710 | 2 |
_aWydawnictwa Naukowo-Techniczne _4pbl |
|
| 856 |
_uhttp://koha.tu.koszalin.pl/cgi-bin/koha/opac-detail.pl?biblionumber=15506 _yKatalog online BPK |
||
| 942 |
_2UKD _cKS |
||
| 999 |
_c15506 _d15506 |
||